| 000 | 01698nam0a2200361 4500 | ||
|---|---|---|---|
| 001 | RU\NLR\BIBL_A\022309243 | ||
| 005 | 20241108161207.0 | ||
| 010 |
_a987-5-94477-318-0 _9500 |
||
| 021 |
_aRU _bКН-П-24-041776 _9КН-П-24-4138 |
||
| 035 | _a(NLR Aleph) 022309243 | ||
| 090 |
_a13251806 _c13251806 |
||
| 100 | _a20240829d2023 k y0rusy50 ca | ||
| 101 | 0 | _arus | |
| 102 | _aRU | ||
| 105 | _ay|||z|||000yy | ||
| 181 | 0 |
_ai4 _baxxe |
|
| 182 | 0 | _an | |
| 200 | 1 |
_aУниверсалии культуры _eмонография _fД. А. Севостьянов _gМинистерство сельского хозяйства Российской Федерации, Новосибирский государственный аграрный университет |
|
| 203 |
_aТекст _bвизуальный _cнепосредственный |
||
| 210 |
_aНовосибирск _cИЦ НГАУ "Золотой колос" _d2023 |
||
| 215 |
_a272 с. _d20 |
||
| 320 | _aБиблиогр.: с. 250-271 (338 назв.) и в подстроч. примеч. | ||
| 606 | 1 |
_aКультурология _xТеория _92190757 _3RU\NLR\AUTH\661316949 |
|
| 606 | 1 |
_aТипизация художественная _91785509 _3RU\NLR\AUTH\661097315 |
|
| 686 | 1 | _aЧ111 | |
| 686 | 1 | _aЮ802.252.1 | |
| 686 | 1 |
_aЮ252 _bЧ11 |
|
| 700 | 1 |
_aСевостьянов _bД. А. _f1964- _gДмитрий Анатольевич |
|
| 701 | 1 |
_7ca _8rus _aЧерных _bС. И. _cд-р филос. наук _gСергей Иванович _9155050 _3RU\NLR\AUTH\770155089 |
|
| 942 | _cBOOK | ||
| 980 | _aNB | ||